LEADER 01304nas 2200457-a 450 001 996214644403316 005 20221208213020.0 035 $a(DE-599)ZDB2628023-1 035 $a(OCoLC)793315002 035 $a(CKB)2670000000187765 035 $a(CONSER)--2012261156 035 $a(EXLCZ)992670000000187765 100 $a20120508a20119999 --- - 101 0 $aeng 135 $aur||||||||||| 181 $ctxt$2rdacontent 182 $cc$2rdamedia 183 $acr$2rdacarrier 200 00$aBusiness management dynamics 210 $a[England] $cSociety for Business Management Dynamics 215 $a1 online resource 300 $aRefereed/Peer-reviewed 311 $a2047-7031 517 1 $aBMD 517 1 $aJournal of business management dynamics 606 $aBusiness$vPeriodicals 606 $aManagement$vPeriodicals 606 $aManagement$2ebps 606 $aBusiness$2fast$3(OCoLC)fst00842262 606 $aManagement$2fast$3(OCoLC)fst01007141 608 $aPeriodicals.$2fast 610 $aCommerce - General 615 0$aBusiness 615 0$aManagement 615 7$aManagement. 615 7$aBusiness. 615 7$aManagement. 906 $aJOURNAL 912 $a996214644403316 996 $aBusiness management dynamics$92229340 997 $aUNISA LEADER 01026nam 2200265la 450 001 9910482458603321 005 20221102161708.0 035 $a(UK-CbPIL)2090364890 035 $a(CKB)5500000000092588 035 $a(EXLCZ)995500000000092588 100 $a20221102d1623 uy | 101 0 $afre 135 $aurcn||||a|bb| 200 10$aParadoxe sur l'incertitude, vanite?, et abus des sciences / Traduite en franc?ois ... [par Louis Turquet de Mayerne] Oeuvre reveue? & corrige?e sur l'ancien original 210 $aParis $c[s.n.]$d1623 215 $aOnline resource ([12] leaves (last blank), 390 leaves , (12mo)) 300 $aReproduction of original in The Wellcome Library, London. 700 $aAgrippa von Nettesheim$b Heinrich Cornelius, 1486?-1535$0489574 701 $ade Mayerne$b Louis Turquet$f1618.$01892951 801 0$bUk-CbPIL 801 1$bUk-CbPIL 906 $aBOOK 912 $a9910482458603321 996 $aParadoxe sur l'incertitude, vanite?, et abus des sciences$94540649 997 $aUNINA